Object Orierted sOSoftware Design and Construction with JAVA (Record no. 152835)

MARC details
000 -LEADER
fixed length control field 00317nam a2200109Ia 4500
008 - FIXED-LENGTH DATA ELEMENTS--GENERAL INFORMATION
fixed length control field 230302s9999 xx 000 0 und d
082 ## - DEWEY DECIMAL CLASSIFICATION NUMBER
Classification number I005.133KAF
100 ## - MAIN ENTRY--PERSONAL NAME
Personal name Kafura(Dennis)
245 ## - TITLE STATEMENT
Title Object Orierted sOSoftware Design and Construction with JAVA
260 ## - PUBLICATION, DISTRIBUTION, ETC.
Place of publication, distribution, etc. N.Y
Name of publisher, distributor, etc. UPPER SADDLEPRENTICE HALL
365 ## - TRADE PRICE
Currency code RS
Holdings
Withdrawn status Lost status Damaged status Not for loan Home library Current library Date acquired Cost, normal purchase price Total Checkouts Full call number Barcode Date last seen Price effective from Koha item type
        College of Engineering, New Delhi College of Engineering, New Delhi 03/03/2023 3168.00   I005.133KAF ECD-MB7135 03/03/2023 03/03/2023 Book